[Event "Hong Kong op"]
[Site "Hong Kong"]
[Date "2025.01.02"]
[Round "9"]
[White "Calica, Io Aristotle Nikola"]
[Black "Du, Yuxin"]
[Result "1/2-1/2"]
[WhiteElo "1921"]
[BlackElo "2067"]
[PlyCount "76"]
[EventDate "2024.12.27"]
[EventType "swiss"]
[EventRounds "9"]
[EventCountry "HKG"]
[SourceTitle "CB02_2025"]
[SourceDate "2025.01.08"]
[SourceVersion "1"]
[SourceVersionDate "2025.01.08"]
[SourceQuality "1"]

1. Nf3 Nf6 2. g3 d5 3. Bg2 c5 4. 0-0 Nc6 5. d4 e6 6. c4 dxc4 7. dxc5 Qxd1 8. Rxd1 Bxc5 9. Nbd2 c3 10. bxc3 0-0 11. Nb3 Be7 12. Nfd4 Bd7 13. Nxc6 Bxc6 14. Bxc6 bxc6 15. Nd4 Ne4 16. Nxc6 Bc5 17. Be3 Bxe3 18. fxe3 Nxc3 19. Rd3 Ne4 20. Rc1 g6 21. Rd7 a6 22. a4 Kg7 23. Nd4 Kg8 24. Nc6 Kg7 25. Rc4 Rfc8 26. Rdd4 Nf6 27. a5 Rc7 28. Nb4 Rxc4 29. Rxc4 Nd5 30. Nxd5 exd5 31. Rc6 Re8 32. Rxa6 Rxe3 33. Kf2 Ra3 34. Ra7 h5 35. h4 Kf6 36. a6 Ke6 37. Ra8 Kf5 38. a7 Kg4 1/2-1/2

[Event "Hong Kong op"]
[Site "Hong Kong"]
[Date "2025.01.01"]
[Round "8"]
[White "Zhou, Shumeng"]
[Black "Calica, Io Aristotle Nikola"]
[Result "1/2-1/2"]
[WhiteElo "2139"]
[BlackElo "1921"]
[PlyCount "52"]
[EventDate "2024.12.27"]
[EventType "swiss"]
[EventRounds "9"]
[EventCountry "HKG"]
[SourceTitle "CB02_2025"]
[SourceDate "2025.01.08"]
[SourceVersion "1"]
[SourceVersionDate "2025.01.08"]
[SourceQuality "1"]

1. e4 c5 2. Nf3 d6 3. d4 cxd4 4. Nxd4 Nf6 5. Nc3 g6 6. Be3 Bg7 7. f3 0-0 8. Qd2 Nc6 9. 0-0-0 d5 10. exd5 Nxd5 11. Nxc6 bxc6 12. Bd4 e5 13. Bc5 Re8 14. Ne4 Qc7 15. h4 f5 16. Nd6 Rd8 17. Nxc8 Raxc8 18. h5 Nb6 19. Bxb6 Rxd2 20. Bxc7 Rxd1+ 21. Kxd1 Rxc7 22. Bc4+ Kf8 23. Ke2 Rd7 24. hxg6 hxg6 25. b3 Bf6 26. Rd1 Rxd1 1/2-1/2

[Event "Hong Kong op"]
[Site "Hong Kong"]
[Date "2024.12.30"]
[Round "5"]
[White "Calica, Io Aristotle Nikola"]
[Black "Kao, Jamison Edrich"]
[Result "1-0"]
[WhiteElo "1921"]
[BlackElo "2140"]
[PlyCount "103"]
[EventDate "2024.12.27"]
[EventType "swiss"]
[EventRounds "9"]
[EventCountry "HKG"]
[SourceTitle "CB02_2025"]
[SourceDate "2025.01.08"]
[SourceVersion "1"]
[SourceVersionDate "2025.01.08"]
[SourceQuality "1"]

1. Nf3 Nf6 2. g3 g6 3. Bg2 Bg7 4. 0-0 0-0 5. d4 d6 6. b3 Nc6 7. Bb2 e5 8. dxe5 Nd7 9. c4 dxe5 10. Qc1 a5 11. Nc3 Re8 12. Rd1 e4 13. Ne1 e3 14. fxe3 Nce5 15. Nc2 h5 16. Ne4 h4 17. Bd4 hxg3 18. Nxg3 Qh4 19. Ne1 c5 20. Bc3 Qh8 21. Nf1 Ra6 22. Nd3 g5 23. Nxe5 Nxe5 24. Rd5 Rh6 25. Qc2 Be6 26. Rxc5 b6 27. Rb5 Bh3 28. Bxh3 Rxh3 29. Qf5 g4 30. Bxe5 Bxe5 31. Qxg4+ Kf8 32. Rd1 Bxh2+ 33. Kf2 Rh4 34. Qg5 Rh6 35. Rf5 Bd6 36. Rdd5 Qh7 37. Rf6 Rxf6+ 38. Qxf6 Be7 39. Qf3 Bh4+ 40. Kg2 Qg6+ 41. Kh3 Bf6 42. Rf5 Be5 43. Qh5 Qe6 44. Nd2 Ke7 45. Kg2 Bf6 46. Qf3 Bg7 47. Ne4 f6 48. c5 bxc5 49. Nxc5 Qd6 50. Rd5 Qb6 51. Rd7+ Kf8 52. Qd5 1-0

[Event "Hong Kong op"]
[Site "Hong Kong"]
[Date "2024.12.30"]
[Round "6"]
[White "Zuo, Junyu"]
[Black "Calica, Io Aristotle Nikola"]
[Result "1/2-1/2"]
[WhiteElo "2033"]
[BlackElo "1921"]
[PlyCount "67"]
[EventDate "2024.12.27"]
[EventType "swiss"]
[EventRounds "9"]
[EventCountry "HKG"]
[SourceTitle "CB02_2025"]
[SourceDate "2025.01.08"]
[SourceVersion "1"]
[SourceVersionDate "2025.01.08"]
[SourceQuality "1"]

1. e4 c5 2. Nf3 d6 3. d4 cxd4 4. Nxd4 Nf6 5. Nc3 g6 6. Be3 Bg7 7. f3 0-0 8. Qd2 Nc6 9. Bc4 Nxd4 10. Bxd4 Be6 11. Bb3 Qa5 12. 0-0-0 b5 13. Kb1 b4 14. Ne2 Qb5 15. Nf4 Bxb3 16. Bxf6 Bxa2+ 17. Kxa2 Qa4+ 18. Kb1 Bxf6 19. Nd5 b3 20. Nxf6+ exf6 21. cxb3 Qxb3 22. Qd3 Rab8 23. Qxb3 Rxb3 24. Rxd6 Rfb8 25. Rd2 Kf8 26. Rc1 R8b7 27. Ka2 R3b5 28. Rc3 f5 29. exf5 Rxf5 30. Ra3 Rfb5 31. Rc3 Ra5+ 32. Ra3 Rab5 33. Rc3 Ra5+ 34. Ra3 1/2-1/2

[Event "Hong Kong Blitz op"]
[Site "Hong Kong"]
[Date "2024.12.29"]
[Round "6"]
[White "Calica, Io Aristotle Nikola"]
[Black "Escobar Medina, Andres F"]
[Result "1/2-1/2"]
[WhiteElo "1869"]
[BlackElo "2231"]
[PlyCount "71"]
[EventDate "2024.12.29"]
[EventType "swiss (blitz)"]
[EventRounds "9"]
[EventCountry "HKG"]
[SourceTitle "CB01_2025"]
[SourceDate "2025.01.01"]
[SourceVersion "1"]
[SourceVersionDate "2025.01.01"]
[SourceQuality "1"]

1. d4 g6 2. Nf3 Bg7 3. g3 d6 4. Bg2 Nc6 5. 0-0 Nf6 6. c4 0-0 7. Nc3 Bg4 8. h3 Bxf3 9. Bxf3 Nd7 10. Be3 e5 11. d5 Ne7 12. Qc2 f5 13. Bg5 h6 14. Bxe7 Qxe7 15. e4 a5 16. h4 f4 17. Bg4 Kh7 18. Kg2 h5 19. Bh3 Nc5 20. b3 Bf6 21. Rab1 Rf7 22. a3 Raf8 23. b4 axb4 24. axb4 Na6 25. Be6 Bxh4 26. Bxf7 Rxf7 27. Rh1 fxg3 28. fxg3 Bxg3 29. Rbf1 Rxf1 30. Rxf1 Qg5 31. Qe2 Bf4+ 32. Kh1 Nxb4 33. Rf2 Qg3 34. Qf3 Qh4+ 35. Kg2 Qg5+ 36. Kh1 1/2-1/2

[Event "Hong Kong Blitz op"]
[Site "Hong Kong"]
[Date "2024.12.29"]
[Round "9"]
[White "Lau, Lut Yin Luke"]
[Black "Calica, Io Aristotle Nikola"]
[Result "1/2-1/2"]
[WhiteElo "2129"]
[BlackElo "1869"]
[PlyCount "104"]
[EventDate "2024.12.29"]
[EventType "swiss (blitz)"]
[EventRounds "9"]
[EventCountry "HKG"]
[SourceTitle "CB01_2025"]
[SourceDate "2025.01.01"]
[SourceVersion "1"]
[SourceVersionDate "2025.01.01"]
[SourceQuality "1"]

1. Nf3 Nf6 2. g3 e6 3. Bg2 Be7 4. 0-0 0-0 5. d3 d5 6. Nbd2 c5 7. Re1 Nc6 8. e4 b5 9. e5 Nd7 10. Nf1 Bb7 11. h4 Qc7 12. Bf4 Rfc8 13. N1h2 Nd4 14. Nxd4 cxd4 15. Re2 Nb6 16. h5 Na4 17. Qc1 Qd8 18. h6 g6 19. Nf3 Qb6 20. Bg5 Bf8 21. Bf6 Nc5 22. Qf4 Na4 23. Nxd4 Nxb2 24. Rb1 Na4 25. Rxb5 Qc7 26. Nxe6 fxe6 27. Qxa4 Bc6 28. Bh3 Qf7 29. Bg5 a6 30. Qg4 Bxb5 31. Qxe6 Re8 32. Qxf7+ Kxf7 33. e6+ Kg8 34. e7 Bxe7 35. Rxe7 Rxe7 36. Bxe7 Kf7 37. Bd6 Re8 38. Bg2 Re1+ 39. Kh2 Ke6 40. Bf4 Re2 41. a4 Bxa4 42. c4 dxc4 43. dxc4 Rxf2 44. Kg1 Rc2 45. Bd5+ Kf6 46. Bg8 g5 47. Bxh7 Rxc4 48. Be3 Bc2 49. Bg8 Rc7 50. Bd4+ Kg6 51. h7 Rxh7 52. Bxh7+ Kxh7 1/2-1/2

[Event "Hong Kong Blitz op"]
[Site "Hong Kong"]
[Date "2024.12.29"]
[Round "7"]
[White "Zhao, Liming"]
[Black "Calica, Io Aristotle Nikola"]
[Result "1-0"]
[WhiteElo "1854"]
[BlackElo "1869"]
[PlyCount "65"]
[EventDate "2024.12.29"]
[EventType "swiss (blitz)"]
[EventRounds "9"]
[EventCountry "HKG"]
[SourceTitle "CB01_2025"]
[SourceDate "2025.01.01"]
[SourceVersion "1"]
[SourceVersionDate "2025.01.01"]
[SourceQuality "1"]

1. d4 d5 2. c4 e6 3. Nf3 Nf6 4. g3 Be7 5. Bg2 0-0 6. 0-0 dxc4 7. Qc2 a6 8. a4 Bd7 9. Qxc4 Bc6 10. Bg5 Bd5 11. Qc2 Be4 12. Qc1 h6 13. Bxf6 Bxf6 14. Nc3 Bxf3 15. Bxf3 Qxd4 16. Bxb7 Ra7 17. Bg2 c5 18. Rd1 Qb4 19. Qc2 Nd7 20. Rd2 Rb8 21. Rad1 Ne5 22. Ne4 Be7 23. Qc3 f5 24. Qxe5 fxe4 25. Qxe6+ Kh8 26. Bxe4 Rf8 27. Qg6 Kg8 28. Qh7+ Kf7 29. Bd5+ Ke8 30. Qg6+ Kd8 31. Qc6 Rd7 32. Be6 Rxd2 33. Qc8# 1-0

[Event "Bangkok Big Rook op 4th"]
[Site "Bangkok"]
[Date "2024.05.01"]
[Round "1"]
[White "Enkhtuul, Altanulzii"]
[Black "Calica, Io Aristotle Nikola"]
[Result "1-0"]
[WhiteElo "2205"]
[BlackElo "1705"]
[PlyCount "99"]
[EventDate "2024.05.01"]
[EventType "swiss"]
[EventRounds "9"]
[EventCountry "THA"]
[SourceTitle "CBM 220 Extra"]
[Source "ChessBase"]
[SourceDate "2024.07.31"]
[SourceVersion "1"]
[SourceVersionDate "2024.07.31"]
[SourceQuality "1"]

1. d4 d5 2. Nf3 Nf6 3. g3 Bf5 4. Bg2 e6 5. 0-0 h6 6. c4 c6 7. Nc3 Bd6 8. Nd2 0-0 9. e4 dxe4 10. Ndxe4 Nxe4 11. Nxe4 Bxe4 12. Bxe4 Nd7 13. f4 f5 14. Bg2 Nf6 15. Kh1 Re8 16. a3 Qe7 17. Be3 Rad8 18. Bg1 Qf7 19. Qe2 Kh8 20. b4 g5 21. fxg5 hxg5 22. Be3 Qg6 23. Qd2 Rg8 24. d5 cxd5 25. cxd5 Be5 26. Bd4 Bxd4 27. Qxd4 exd5 28. Ra2 b6 29. Raf2 f4 30. gxf4 g4 31. Re2 Rge8 32. Re5 Kh7 33. Rg5 Qf7 34. Qf2 Kh8 35. Rf5 Qg6 36. Qh4+ Nh7 37. Rh5 Qf7 38. f5 d4 39. f6 Rd6 40. Rxh7+ Qxh7 41. f7 Rf8 42. Qe7 Qh6 43. Qe5+ Kh7 44. Be4+ Rg6 45. Bxg6+ Qxg6 46. Rf6 Qb1+ 47. Kg2 Qc2+ 48. Kg3 Qd3+ 49. Kxg4 Qd1+ 50. Kh4 1-0